000 02115nam0a2200529 4500
001 13939
003 http://www.sudoc.fr/28666223X
005 20251009121618.0
010 _a9782330205911
_d12 EUR
033 _ahttp://catalogue.bnf.fr/ark:/12148/cb48525744m
035 _a(OCoLC)1530498717
035 _aFRBNF485257440000005
_zFRBNF48525744
035 _aALP000856555
073 0 _a9782330205911
090 _a13939
099 _o0
100 _a20250730d2025 m y0frey50 ba
101 0 _afre
102 _aFR
105 _ay z 00|a|
181 _6z01
_ctxt
_2rdacontent
181 1 _6z01
_ai#
_bxxxe##
182 _6z01
_cn
_2rdamedia
182 1 _6z01
_an
200 1 _aÉvangile de la nature
_bLIVR
214 0 _cActes Sud-Papiers
_dDL 2025
214 3 _cImpr. Corlet
214 0 _aArles
214 3 _a14-Condé-sur-Noireau
215 _a1 vol. (89 p.)
215 _d19 cm
225 1 _aAu singulier
225 1 _x2743-6608
323 _aindéfini
330 _aÉvangile de la nature, adaptation libre du poème De rerum natura de Lucrèce, est un hymne poétique et philosophique à la nature et à la raison. Christophe Perton réduit les 7 400 vers originaux à 1 400, resserrant sur les passages clés et permettant ainsi une meilleure compréhension et une plus grande résonance émotionnelle. La beauté et la force du texte, mêlant rigueur scientifique et puissance poétique, associées à une traduction fluide et moderne par Marie NDiaye et Christophe Perton, en font un outil puissant pour éclairer les enjeux actuels et inspirer toutes les générations.
410 _tAu singulier (Arles)
_d2025
610 _aécologie
686 _a801
_2Cadre de classement de la Bibliographie nationale française
700 _aLucrèce
701 1 _aNdiaye
_bMarie
_f1967-....
701 1 _4730
702 1 _aLucrèce
_f0097?-0055 av. J.-C.
702 1 _aPerton
_bChristophe
_f1964-....
702 1 _3026997576
_cpoète philosophe latin du Ier siècle av. J-C
_4100
702 1 _4010
801 3 _aFR
_bAbes
_c20250730
_gAFNOR
801 0 _aFR
_bFR-751131015
_c20250604
_gAFNOR